Estimation of Slovak Fiscal Policy Model Using Bayesian Approach

Odhad nového keynesiánskeho modelu vládnych rozhodnutí zahŕňajúceho rôzne nástroje a vlastnosti oblastí fiškálnej politiky. Jeho obsahom aj rigidity. Využitie MH - MCMC algoritmu. Model zachytáva vplyvy šokov pri stanovovaní daňových sadzieb, nezamestnanosť, aj rovnováhu verejných financií.

Gespeichert in:
Bibliographische Detailangaben
1. Verfasser: Horvát, Peter
Weitere Verfasser: König, Brian, 1983-, Ostrihoň, Filip
Format: Buchkapitel
Sprache:Englisch
Schlagworte:
Tags: Tag hinzufügen
Keine Tags, Fügen Sie das erste Tag hinzu!

MARC

LEADER 00000naa$a2200000$$$4500
001 0190471
005 20240502073214.0
041 0 |a eng 
044 |a SK 
245 1 0 |a Estimation of Slovak Fiscal Policy Model Using Bayesian Approach  |c Peter Horvát, Brian König, Filip Ostrihoň 
520 |a Odhad nového keynesiánskeho modelu vládnych rozhodnutí zahŕňajúceho rôzne nástroje a vlastnosti oblastí fiškálnej politiky. Jeho obsahom aj rigidity. Využitie MH - MCMC algoritmu. Model zachytáva vplyvy šokov pri stanovovaní daňových sadzieb, nezamestnanosť, aj rovnováhu verejných financií. 
610 2 0 |a politika fiškálna 
610 2 0 |a odhady 
610 2 0 |a Slovensko 
610 2 0 |a modely DSGE 
610 2 0 |a domácnosti 
610 2 0 |a mzdy 
610 2 0 |a vláda 
100 1 |a Horvát, Peter 
700 1 |a König, Brian, 1983- 
700 1 |a Ostrihoň, Filip